000 00811nam a2200241Ia 4500
008 100315s9999 xx 000 0 und d
040 _cENGLISH 
082 _b3271 
_a001.42 
100 _a"MICHAEL , V . P . "
245 _aRESEARCH METHODOLOGY IN MANAGEMENT.
250 _a3rd 
260 _aMumbai 
_bHIMALAYA PUBLISHING HOUSE  
_c1997 
300 _a312P 
365 _eRupees 
_d
_b76.50 
366 _f15 
505 _gDBH 
530 _bLAXMI BOOK DEPOT. 868/17-02-1999 
_a868/17-02-1999 
620 _a"TYPE OF RESEARCH,DATA COLLECTION AND ANALYSIS,QUANTITATIVI TECHNIQUES IN MANAGEMENT,COMPUTERS IN MANAGEMENT, "
630 _aRESEARCH METHODOLOGY IN MANAGEMENT.
650 _aRESEARCH METHODOLOGY 
730 _aRESEARCH METHODOLOGY IN MANAGEMENT.
942 _cBOOK
999 _c478006
_d478003